|
|
|
|
| LEADER |
00000cam a2200000 4500 |
| 001 |
vtls012004593 |
| 003 |
SK-MaSNL |
| 005 |
20260302024303.0 |
| 008 |
220422s2020 xo o gr 000 0 slo |
| 015 |
|
|
|a SNBA2021/04
|
| 020 |
|
|
|a 9788089933303
|q (brožované)
|
| 035 |
|
|
|a urn:nbn:sk:snk-am00fbhz
|
| 035 |
|
|
|a B4215E0A-B70D-4056-A5A9-935380CB4DEF
|
| 035 |
|
|
|a urn:nbn:sk:snk-am3iz82
|
| 040 |
|
|
|a SNK
|b slo
|c SNK
|e rda
|
| 041 |
0 |
|
|a slo
|
| 044 |
|
|
|a xo
|c SK
|
| 072 |
|
7 |
|a 502
|x Životné prostredie a jeho ochrana
|2 konspekt
|
| 080 |
|
|
|a 502.21(1-751.3)
|2 2011
|
| 080 |
|
|
|a 58
|2 2011
|
| 080 |
|
|
|a 502.21(1-751)
|2 2011
|
| 080 |
|
|
|a 551.442
|2 2011
|
| 080 |
|
|
|a (036)
|2 2011
|
| 100 |
1 |
|
|a Ambróz, Leonard
|4 aut
|9 328944
|
| 245 |
1 |
0 |
|a Stretnutie botanikov
|b exkurzný sprievodca
|c autori príspevkov: Leonard Ambróz, Zuzana Bukovenová, Janka Padyšáková, Kristína Urbanová
|
| 264 |
|
1 |
|a Liptovský Mikuláš
|b Slovenské múzeum ochrany prírody a jaskyniarstva Liptovský Mikuláš
|c 2020
|
| 300 |
|
|
|a 20 strán
|b farebné fotografie, mapy
|c 30 cm
|
| 336 |
|
|
|a text
|b txt
|2 rdacontent
|
| 337 |
|
|
|a bez média
|b n
|2 rdamedia
|
| 338 |
|
|
|a zväzok
|b nc
|2 rdacarrier
|
| 366 |
|
|
|e 150 kusov
|
| 650 |
0 |
7 |
|a botanika
|2 SNKPH
|9 688
|
| 650 |
0 |
7 |
|a prírodné rezervácie
|2 SNKPH
|9 3809
|
| 650 |
0 |
7 |
|a chránené územia
|2 SNKPH
|9 3785
|
| 650 |
0 |
7 |
|a Botany
|2 SNKPHeng
|9 265681
|
| 650 |
0 |
7 |
|a Nature reserves
|2 SNKPHeng
|9 324914
|
| 650 |
0 |
7 |
|a Protected areas
|2 SNKPHeng
|9 266318
|
| 650 |
0 |
7 |
|a jaskyne
|2 SNKPH
|9 20772
|
| 650 |
0 |
7 |
|a Caves
|2 SNKPHeng
|9 270892
|
| 655 |
|
7 |
|a informačné publikácie
|2 SNKPH
|9 70181
|
| 655 |
|
7 |
|a Information publications
|2 SNKPHeng
|9 265188
|
| 700 |
1 |
|
|a Bukovenová, Zuzana
|4 aut
|9 335874
|
| 700 |
1 |
|
|a Padyšáková, Janka,
|d 1961-
|4 aut
|9 189048
|
| 700 |
1 |
|
|a Urbanová, Kristína,
|d 1954-
|4 aut
|9 104956
|
| 919 |
|
|
|a 978-80-89933-30-3
|
| 999 |
|
|
|c 1039949
|d 1041879
|
| 952 |
|
|
|a SNK
|b SNK
|y PREZ
|7 0
|p 17A1447544
|o snkSB 96206
|i snk2020/22477
|8 0
|0 0
|1 0
|4 0
|d 2020-12-11
|f 1
|l 0
|r 2025-05-19 00:00:00
|w 2026-02-24
|
| 952 |
|
|
|a SNK
|b SNK
|y VYP
|7 0
|p 17A1447545
|o snkSB 96206 D1
|i snk2020/22478
|8 0
|0 0
|1 0
|4 0
|d 2020-12-11
|l 0
|r 2026-02-24 14:20:55
|w 2026-02-24
|